000 00534nam a22001217a 4500
999 _c15069
_d15069
008 200304b ||||| |||| 00| 0 eng d
100 _941778
_aPerez, Ace June Rell S.
245 _aFilipinos genetically predisposed to colon cancer?;
_bClassic colon cancer forms from polyps. But with Filipino patients, colon cancer appears out of nowhere, says Fil-Am specialist/
_cAce June Rell S. Perez.
260 _aPhilippines;
_bPhilippine Daily Inquirer,
_c©2019.
300 _apage C2;
_c29.5cm.
650 _aCancer.
_941779
942 _2ddc
_cPER